| Tag |
First Indicator |
Second Indicator |
Subfields |
| LEADER |
00000cam a2200000 a 4500 |
| 001 |
in00002780164 |
| 005 |
20150922120630.0 |
| 008 |
111115s2012 mau b 001 0 eng |
| 010 |
|
|
|a 2011046883
|
| 020 |
|
|
|a 9780262017879 (hardcover : alk. paper)
|
| 020 |
|
|
|a 0262017873 (hardcover : alk. paper)
|
| 020 |
|
|
|a 9780262517805 (pbk. : alk. paper)
|
| 020 |
|
|
|a 0262517809 (pbk. : alk. paper)
|
| 035 |
|
|
|a (OCoLC)ocn767864879
|
| 040 |
|
|
|a DLC
|c DLC
|d UtOrBLW
|
| 049 |
|
|
|a TXAM
|
| 050 |
0 |
0 |
|a BD176
|b .V56 2012
|
| 082 |
0 |
0 |
|a 121
|2 23
|
| 245 |
0 |
0 |
|a Virtue epistemology :
|b contemporary readings /
|c edited by John Greco and John Turri.
|
| 264 |
|
1 |
|a Cambridge, Mass. :
|b MIT Press,
|c [2012]
|
| 264 |
|
4 |
|c ©2012
|
| 300 |
|
|
|a xxi, 404 pages ;
|c 23 cm.
|
| 336 |
|
|
|a text
|b txt
|2 rdacontent
|
| 337 |
|
|
|a unmediated
|b n
|2 rdamedia
|
| 338 |
|
|
|a volume
|b nc
|2 rdacarrier
|
| 490 |
1 |
|
|a MIT readers in contemporary philosophy
|
| 504 |
|
|
|a Includes bibliographical references and index.
|
| 650 |
|
0 |
|a Virtue epistemology.
|
| 700 |
1 |
|
|a Greco, John.
|
| 700 |
1 |
|
|a Turri, John.
|
| 830 |
|
0 |
|a MIT readers in contemporary philosophy.
|
| 945 |
|
|
|a PromptCat
|b 30975
|
| 946 |
|
|
|a stk
|
| 947 |
|
|
|a A14835997289
|
| 948 |
|
|
|a cataloged
|b h
|c 2012/10/2
|d c
|e dmitchel
|f 12:30:20 pm
|
| 994 |
|
|
|a 92
|b TXA
|
| 999 |
|
|
|a MARS
|
| 999 |
f |
f |
|s de03dea1-d816-384c-807b-0039ba7d575b
|i d02d6eb7-5c13-3b1e-ab0d-c6ee472fc027
|t 0
|
| 952 |
f |
f |
|p ric
|a Texas A&M University
|b Rellis Campus
|c Joint Library Facility
|d Remote Storage
|t 0
|e BD176 .V56 2012
|h Library of Congress classification
|i unmediated -- volume
|m A14835997289
|
| 998 |
f |
f |
|a BD176 .V56 2012
|t 0
|l Remote Storage
|